000 00638nam a2200205Ia 4500
003 BUBTL
008 151213s9999 xx 000 0 und d
082 _a349.5492/P2789l
100 _aPatwari, Dr. A.B. M. Mafizul Islam
_94986
245 _aLegal System of Bangladesh /
_cDr. A.B. M. Mafizul Islam Patwari
250 _a2nd ed.
260 _aDhaka
_bHumanist and Ethical Association of Bangladesh
_cc2004
300 _a160 p. :
_c21 cm.
650 _aLaw
650 _aLaw
_94234
700 _aDr. A.B. M. Mafizul Islam Patwari
_94987
856 _k0
_l0
_yDownload
942 _2ddc
_cBK
999 _c2458
_d2458